Právo Stavební informační systém ABF

Salvato in:
Dettagli Bibliografici
Natura: Periodico
Lingua:ceco
Pubblicazione: Praha ABF-ARCH 1993
Tags: Aggiungi Tag
Nessun Tag, puoi essere il primo ad aggiungerne!!

MARC

LEADER 00000nas2a2200000 4500
001 s013970
005 20250724075931.3
022 |a 0862-4895 
041 0 |a cze 
044 |a CZ 
245 1 0 |a Právo  |b Stavební informační systém ABF 
264 1 |a Praha  |b ABF-ARCH  |c 1993 
300 |a 2 zv.